Quizzes
Events
Quiz Creation
Community
Videos
Private Events
Remove Ads
Sign In
Join for FREE
Feedback
Dark Mode
Quiz Categories
Sports
Geography
Music
Movies
Television
Just For Fun
Miscellaneous
History
Literature
Language
Science
Gaming
Entertainment
Religion
Holiday
For Kids
Quiz Lab
Recent
Popular Today
Quiz Kudos Today
Editor Picks
Curator Picks
Quizzes by...
Day
Popularity
Type
Ratings
Length
Year
Community
Subscriptions
Recent Discussions
Orange Saloon
Badges
Playlists
Quests
Create
Leaderboards
Showdown
Live 5
Trivia Bingo
Activity
Puzzle Library
Sporcle Events
Private Events
Virtual Trivia
Globe League
Become a Host
Pub Owners
SporcleCon
Opinionation
Our Games
Videos
Blog
Mobile Apps
Partnerships
Remove Ads and Go Orange
Feedback
Sports
Athletes
MLB
NBA
NHL
NFL
Soccer
Sports Teams
WWE
NCAA
Football
Premier League
Basketball
Baseball
Hockey
Golf
Tennis
Cricket
Rugby
Auto Racing
Olympics
World Cup
Sports
Athletes
MLB
NBA
NHL
NFL
Soccer
Sports Teams
WWE
NCAA
Football
Premier League
Basketball
Baseball
Hockey
Golf
Tennis
Cricket
Rugby
Auto Racing
Olympics
World Cup
Random Quiz
Search Sporcle
×
Curator Pick
Curator Pick
Sports
WWE
Type in answers that appear in a list
Type in answers that appear in a list
Classic
Best Score? Go Orange.
Most Royal Rumble Match Appearances Stats
Can you name the wrestlers with the most Royal Rumble Match appearances?
By
freddie3000
7m
53 Questions
4,560 Plays
4,560 Plays
4,560 Plays
Comments
Comments
Give Quiz Kudos
Give Quiz Kudos
-
- Ratings
hide this ad
Replay
Link that replays current quiz
Next Quiz
Link to next quiz in quiz playlist
You Got
0%
They Got
Avg Score
54%
Avg Friend Score
Upgrade to see
Score Distribution
Jump to the score distribution portion of the page
Score
0/53
Timer
07:00
0
Plays Today
Amount of Appearances
Wrestler
% Correct
16
Kane
96.2%
10
Undertaker
93%
8
Triple H
92.2%
12
Shawn Michaels
91.8%
7
John Cena
88.3%
6
Steve Austin
86.5%
7
Randy Orton
83.2%
6
Edge
81%
9
Big Show
80.2%
5
Bret Hart
78.5%
8
Chris Jericho
76.7%
7
Owen Hart
75.9%
5
Christian
72.4%
6
Rey Mysterio
71.3%
7
Matt Hardy
69.5%
5
Ric Flair
68.5%
8
Goldust
63.1%
6
Randy Savage
61.9%
7
Mick Foley
61.6%
5
CM Punk
60.7%
5
Kofi Kingston
59%
5
Chavo Guerrero
58%
6
The Miz
57.7%
7
Mark Henry
57.2%
5
Dolph Ziggler
57%
5
John 'Bradshaw' Layfield
56.2%
5
Cody Rhodes
55.5%
Amount of Appearances
Wrestler
% Correct
7
Billy Gunn
55.4%
8
Booker T
53.4%
10
Rikishi
52.5%
6
Davey Boy Smith
51.3%
6
Rob Van Dam
51%
5
Jim Duggan
48.1%
5
Big Boss Man
47.1%
6
John Morrison
44.7%
5
Faarooq
43.4%
5
Mr Perfect
40.4%
9
Viscera
39.6%
8
Shelton Benjamin
39.6%
7
Hardcore Holly
38.8%
7
The Great Khali
37.4%
5
Test
37.4%
5
Smash
36.9%
8
Godfather
35.5%
7
Jake Roberts
33.4%
6
Tito Santana
33%
7
Rick Martel
32.6%
6
Tensai
27.4%
5
Santino Marella
26.6%
5
Carlito
25.7%
5
R-Truth
25.4%
5
Bob Backlund
18.6%
5
Savio Vega
11.5%
Quiz Playlist
Details
Report
Send in Message
Add To Playlist
Classic:
Type in answers that appear in a list
Quiz Source
Last Updated: Mar 13, 2017
Curator Pick in
WWE
Quiz Scoreboard
CHALLENGE
Sign Up to Join the Scoreboard
Show All
Scores
Hide
Comments
May contain spoilers
Recently Published
Click the 1999 NBA Draft
by nibperrychub
Sports
2m
Alphabetical 'K' Countries by Flag Minefield
by ylime102
Geography
3m
Pick 6: Fruits
by JohnFran
Miscellaneous
15s
More to Explore
Quiz From the Vault
Featured Blog Post
15 Basketball Trivia Facts You Can Be March Mad About
hide this ad
You Might Also Like...
Tags
WWE Quiz
Royal
Royal Rumble
rumble
Rumble Competitors
Rumble Entrants
Rumble Participants
Wrestling
Wrestling Match
Today's Top Quizzes in Sports
Browse Sports
hide this ad
Today's Top Quizzes in WWE
Browse WWE
Top Contributed Quizzes in Sports
1
Les joueurs à 100 buts en Ligue 1 Uber Eats
2
Pick 6: NFL Teams
3
MLB 2 truths and a lie: Hall of Fame pitchers
4
2022 World Cup Stars
5
Criteria MLB: Left Handed Sluggers
6
Millionaire: NBA Finals Edition
7
Pick 6: Minor League Baseball
8
Click the 1998 NBA Draft
9
Don't Strike Out: 3000 Strikeouts
10
Pick 6: Olympics
Explore More
Trending Topics
Crossword
Disney
NBA
Marvel
Anime
Kpop
Harry Potter
Puzzle
WWE
Soccer
The Office
NFL
Song
Pokémon
Country
hide this ad
More By:
freddie3000
Quiz
Plays
Rating
Category
Featured
Created
WWE Champions (Redux)
313,437
4.15
Sports
Mar 30, 2012
Game of Thrones 'Simpsonized'
164,090
4.69
Television
Jul 9, 2013
Breaking Bad 'Simpsonized'
79,734
4.70
Television
Aug 11, 2013
Doctor Who 'Simpsonized'
74,499
4.53
Television
Jul 21, 2013
Most Combined WrestleMania Match Times
70,098
4.58
Sports
Oct 2, 2011
Go to Creator's Profile
Score Distribution
Quiz Creator Spotlight
freddie3000
Follow
Send a Message
Quizzes Created
-
Created Quiz Play Count
-
More By This Creator
Popular Quizzes Today
1
Countries of Asia Without Outlines Minefield
2
Find the US States - No Outlines Minefield
3
Pick 6: Fruits
4
Alphabetical 'K' Countries by Flag Minefield
5
The Countries of the World
6
Find the US States
7
US States
8
Match the Book to the Film X
More Sports Quizzes
WWE Wrestlers by Funko Pop! Figures V
Curator's Pick
Trending Quizzes
Pick 6: Harry Potter
Pick 6: Mountains
Pick 6: NFL Teams
Pick 6: Flags
Pick 6: Movie Franchises
Recently Updated
NWSL Teams
pecheneg
Women's Final Four Teams by Year
bhenderson79
Presidents Quartet II
eogle
Anything But Clue(do)
eogle
Anything But Oceanian Capitals
eogle
Anything But 7
eogle
Anything But Thing
eogle
Word Ladder: February 29
pecheneg
Song Title Questions
pecheneg
Women's NCAA Tournament #1 Seeds
pecheneg
Trending Topics
Anime
Disney
NBA
Harry Potter
Crossword
Kpop
Marvel
Pokémon
Song
The Office
WWE
NFL
Soccer
Puzzle
Country
Your Account Isn't Verified!
In order to create a playlist on Sporcle, you need to verify the email address you used during registration. Go to your
Sporcle Settings
to finish the process.
Report this User
Report this user for behavior that violates our
Community Guidelines
.
Details:
Send Report
Go to the Sporcle.com Mobile Site →
Comments